Valentýnka a narozeniny /
První díl série o svérázné holčičce Valentýnce, která má úžasné nápady a se svými kamarády Jonášem, Péťou a Zuzkou je neváhá uskutečnit. Pro děti od 7 let.
Uloženo v:
| Série: | Valentýnka,
část 1 |
|---|---|
| Hlavní autor: | |
| Další autoři: | |
| Médium: | E-kniha |
| Jazyk: | Czech |
| Vydáno: |
V Praze :
Albatros,
2018
|
| Vydání: | 1. vydání |
| Témata: | |
| Příbuzné jednotky: | Z cyklu::
Valentýnka |
| Tagy: |
Žádné tagy |
| LEADER | 02515nam a2200457 i 4500 | ||
|---|---|---|---|
| 001 | 310903 | ||
| 003 | CZ PrSKC | ||
| 005 | 20260601215656.0 | ||
| 007 | ta | ||
| 008 | 180514s2018 xr a b 000 j cze | ||
| 015 | |a cnb002996675 | ||
| 020 | |a 9788000050607 |q (vázáno) : |c Kč 199,00 | ||
| 035 | |a (OCoLC)1043860425 | ||
| 040 | |a BOA001 |b cze |d ABA001 |e rda | ||
| 072 | 7 | |a 821.162.3-3 |x Česká próza |2 Konspekt | |
| 072 | 7 | |a 821-93 |x Literatura pro děti a mládež (beletrie) |2 Konspekt | |
| 080 | |a 821.162.3-32 |2 MRF | ||
| 080 | |a 821-93 |2 MRF | ||
| 080 | |a (0:82-32) |2 MRF | ||
| 100 | 1 | |a Peroutková, Ivana, |d 1960- |7 jn20000401963 |4 aut | |
| 245 | 1 | 0 | |a Valentýnka a narozeniny / |c Ivana Peroutková ; ilustrovala Ivona Knechtlová |
| 250 | |a 1. vydání | ||
| 264 | 1 | |a V Praze : |b Albatros, |c 2018 | |
| 300 | |a 116 stran : |b barevné ilustrace ; |c 22 cm | ||
| 336 | |a text |b txt |2 rdacontent | ||
| 337 | |a bez média |b n |2 rdamedia | ||
| 338 | |a svazek |b nc |2 rdacarrier | ||
| 520 | 2 | |a První díl série o svérázné holčičce Valentýnce, která má úžasné nápady a se svými kamarády Jonášem, Péťou a Zuzkou je neváhá uskutečnit. Pro děti od 7 let. |b Valentýnka bydlí s maminkou a tatínkem, tetou Helenou a strýcem Alešem, babičkou a peruánským naháčem Hugem ve velkém starém domě se zahradou. Ve svém podkrovním pokojíku hraje na klávesy, skládá písníčky a ze všeho nejradši vymýšlí neobvyklé věci. Teď zrovna chystá naprosto unikátní dárek pro tetu Helenu k narozeninám. Spolu s Jonášem, Péťou a Zuzkou totiž chtějí vyrobit voňavé šumivé koule do koupele. Ale pssst! To je tajemství! | |
| 521 | 8 | |a Pro čtenáře od 7 let | |
| 655 | 7 | |a české příběhy |7 fd133973 |2 czenas | |
| 655 | 7 | |a publikace pro děti |7 fd133156 |2 czenas | |
| 655 | 9 | |a Czech stories |2 eczenas | |
| 655 | 9 | |a children's literature |2 eczenas | |
| 700 | 1 | |a Knechtlová, Ivona |7 xx0219266 |4 ill | |
| 787 | 0 | 8 | |i Z cyklu: |t Valentýnka |g 1 |
| 900 | |a ABA001 |b 20 | ||
| 928 | 9 | |a Albatros Media - Albatros | |
| 044 | |a xr | ||
| 910 | |a RBIT002 | ||
| 998 | |d 178432 |a https://core.palmknihy.cz/api/books/178432/cover?p94fih |b https://core.palmknihy.cz/api/books/178432/cover/400?p94fih |c https://core.palmknihy.cz/api/books/178432/cover/50?p94fih |e 2032-12-31 |g 120 |i 9788000050607 |j https://core.palmknihy.cz/api/books/178432/preview.epub |k https://core.palmknihy.cz/api/books/178432/preview.pdf |l |q 49 |r 1 |s https://www.palmknihy.cz/kniha/178432 |t ebook |y 2018 |z 0 |v Valentýnka |w 1 | ||
| 999 | |d 310901 | ||